Southville International School and Colleges
Your cart is empty.
  • Cart
  • Lists
    Public lists Eva Luna New books Lux_list list_1
    Your lists Log in to create your own lists
  • Log in to your account
  • Your cookies
  • Search history
Southville International School and Colleges
  • Advanced search
  • Recent comments
  • Most popular
  • Libraries

Log in to your account

Log in with GOOGLE


If you do not have an external account, but do have a local account, you can still log in:

  1. Home
  2. MARC view: Mythology and you :
Normal view MARC view ISBD view

Mythology and you : (Record no. 9133)

[ view plain ]
MARC details
000 -LEADER
fixed length control field 00817cam a2200265 i 4500
001 - CONTROL NUMBER
control field 1828594
003 - CONTROL NUMBER IDENTIFIER
control field OSt
005 - DATE AND TIME OF LATEST TRANSACTION
control field 20140310182058.0
008 - FIXED-LENGTH DATA ELEMENTS--GENERAL INFORMATION
fixed length control field 801217s1981 ilua 000 0 eng
010 ## - LIBRARY OF CONGRESS CONTROL NUMBER
LC control number 80080569
020 ## - INTERNATIONAL STANDARD BOOK NUMBER
International Standard Book Number 0844255610
040 ## - CATALOGING SOURCE
Original cataloging agency DLC
Transcribing agency DLC
Modifying agency DLC
043 ## - GEOGRAPHIC AREA CODE
Geographic area code e-gr---
050 00 - LIBRARY OF CONGRESS CALL NUMBER
Classification number BL 782
Item number .R671992
082 00 - DEWEY DECIMAL CLASSIFICATION NUMBER
Classification number HS 292.13
Item number R72 1992
100 1# - MAIN ENTRY--PERSONAL NAME
Personal name Rosenberg, Donna.
9 (RLIN) 12537
245 10 - TITLE STATEMENT
Title Mythology and you :
Remainder of title classical mythology and its relevance to today's world /
Statement of responsibility, etc Donna Rosenberg, Sorelle Baker.
260 ## - PUBLICATION, DISTRIBUTION, ETC. (IMPRINT)
Place of publication, distribution, etc Skokie, IL :
Name of publisher, distributor, etc National Textbook Co.,
Date of publication, distribution, etc c1992.
300 ## - PHYSICAL DESCRIPTION
Extent 295 p. :
Other physical details ill. ;
Dimensions 23 cm.
650 #0 - SUBJECT ADDED ENTRY--TOPICAL TERM
Topical term or geographic name as entry element Mythology, Greek.
9 (RLIN) 5060
700 1# - ADDED ENTRY--PERSONAL NAME
Personal name Baker, Sorelle,
Relator term joint author.
9 (RLIN) 12538
906 ## - LOCAL DATA ELEMENT F, LDF (RLIN)
a 7
b cbc
c orignew
d 2
e opcn
f 19
g y-gencatlg
942 ## - ADDED ENTRY ELEMENTS (KOHA)
Source of classification or shelving scheme Library of Congress Classification
Koha item type
Holdings
Withdrawn status Lost status Source of classification or shelving scheme Damaged status Home library Current library Shelving location Date acquired Total Checkouts Total Renewals Full call number Barcode Date last seen Date checked out Copy number Price effective from Koha item type
    Library of Congress Classification   Luxembourg Library Luxembourg Library High School Section 08/23/2013 6 7 BL 782 .R67 1992 6553 10/23/2019 10/03/2019 1 10/03/2013 Books

Mythology and you :

APA

Rosenberg D., Baker S., . (1992). Mythology and you. Skokie, IL: National Textbook Co.

Chicago

Rosenberg Donna, Baker Sorelle, . 1992. Mythology and you. Skokie, IL: National Textbook Co.

Harvard

Rosenberg D., Baker S., . (1992). Mythology and you. Skokie, IL: National Textbook Co.

MLA

Rosenberg Donna, Baker Sorelle, . Mythology and you. Skokie, IL: National Textbook Co. 1992.

  • Place hold
  • Print
  • Cite
  • Add to your cart (remove)
  • Save record
    BIBTEX Dublin Core MARCXML MARC (non-Unicode/MARC-8) MARC (Unicode/UTF-8) MARC (Unicode/UTF-8, Standard) MODS (XML) RIS
  • More searches
    Search for this title in:
    Other Libraries (WorldCat) Other Databases (Google Scholar) Online Stores (Bookfinder.com) Open Library (openlibrary.org)

Exporting to Dublin Core...

SOUTHVILLE LIBRARY

Southville International School and Colleges Library

1281 Tropical Ave. Cor. Luxembourg St., BF Homes International, Las Pinas City

Tel. No. 8256374 / 252358 Loc. 117/146

Powered by Koha